Domain decomposition methods for partial differential equations
Saved in:
| Main Author: | |
|---|---|
| Other Authors: | |
| Format: | Book |
| Language: | English |
| Published: |
Oxford :
Clarendon Press,
1999
|
| Series: | Numerical mathematics and scientific computation
|
| Subjects: | |
| Tags: |
Add Tag
No Tags, Be the first to tag this record!
|
MARC
| LEADER | 00000nam a2200000 i 4500 | ||
|---|---|---|---|
| 001 | 1/42621 | ||
| 008 | 031016s1999 eng d | ||
| 020 | |a 0-19-850178-1 | ||
| 035 | |l 10071203 | ||
| 040 | |a GR-MY-UA |b gre |e aacr | ||
| 041 | 0 | |a eng | |
| 082 | 0 | |a 515.353 | |
| 100 | 1 | |a Quarteroni, Alfio. | |
| 245 | 1 | 0 | |a Domain decomposition methods for partial differential equations / |c Alfio Quarteroni, Alberto Valli |
| 260 | |a Oxford : |b Clarendon Press, |c 1999 | ||
| 300 | |a xv, 360 p.; |b ill.; |c 24 cm. | ||
| 490 | 1 | |a Numerical mathematics and scientific computation | |
| 504 | |a Includes bibliographical references and index | ||
| 650 | 0 | 0 | |a Differential equations, Partial |x Numerical solutions. |
| 650 | 0 | 0 | |a Decomposition method. |
| 700 | 1 | |a Valli, A. |q (Alberto) |d 1953- | |
| 830 | 0 | |a Numerical mathematics and scientific computation | |
| 852 | |a INST |b SAMOS |e 20031016 |h 515.353 QUA |p 005300023803 |q 005300023803 |t BK |y 0 | ||
| 901 | |a BIBL3-2003-3 | ||
| 909 | |a Σ |b 099253 | ||
| 922 | |a 3ΕΛΗ |b 200309 |c ΤΜΗΜΑ ΜΑΘΗΜΑΤΙΚΩΝ/ΜΕΤΑΠΤΥΧΙΑΚΟ |d GLORYBOOK | ||
| 970 | |a ΠΟΥΡΝΑΡΑΣ |b ΔΗΜΗΤΡΗΣ |z 2003/10/16 | ||